[Event "II Open A"]
[Site "Pedavena ITA"]
[Date "2006.08.04"]
[Round "6"]
[White "Kasparov, Sergey"]
[Black "Genocchio, Daniele"]
[Result "1-0"]
[WhiteElo "2491"]
[BlackElo "2345"]
[PlyCount "89"]
[EventDate "2006.08.01"]

1. e4 c5 2. Nf3 g6 3. c4 Bg7 4. d4 Qa5+ 5. Bd2 Qb6 6. Bc3 cxd4 7. Bxd4 Bxd4 8.
Qxd4 Qxd4 9. Nxd4 Nc6 10. Nb5 Rb8 11. N1c3 d6 12. Be2 Nf6 13. O-O a6 14. Nc7+
Kf8 15. N7d5 Kg7 16. Rad1 Rd8 17. f4 Nd7 18. b4 e6 19. Ne3 e5 20. Rxd6 Nxb4 21.
fxe5 Re8 22. Ng4 Nxe5 23. Nxe5 Rxe5 24. Rb1 Nc2 25. Rd8 b5 26. cxb5 axb5 27.
Nxb5 Rc5 28. Rc1 Ra8 29. Nd6 Rc3 30. Bd1 Rxa2 31. Rxc8 Rxc8 32. Nxc8 Ne3 33.
Bf3 Rc2 34. Rxc2 Nxc2 35. Nd6 Kf6 36. Kf2 Ke6 37. Nc4 f6 38. Bd1 Nd4 39. Ke3
Nc6 40. Bb3 Ke7 41. Ba4 Nd8 42. Nb6 h6 43. Bb3 g5 44. Bd5 h5 45. Kd4 1-0

[Event "II Open A"]
[Site "Pedavena ITA"]
[Date "2006.08.04"]
[Round "6"]
[White "Militello, Michele"]
[Black "Castellano, Alfonso"]
[Result "0-1"]
[WhiteElo "1847"]
[BlackElo "1944"]
[PlyCount "120"]
[EventDate "2006.08.01"]

1. d4 Nf6 2. Nf3 g6 3. Nbd2 Bg7 4. e4 d6 5. Be2 O-O 6. O-O e5 7. dxe5 dxe5 8.
c3 Qe7 9. Qc2 b6 10. Re1 Bb7 11. a4 a5 12. Bf1 Na6 13. Nb3 Rad8 14. Bg5 h6 15.
Bh4 Qe6 16. Nfd2 g5 17. Bg3 Nh5 18. Re3 Nf4 19. f3 h5 20. c4 Nb4 21. Qb1 c5 22.
Bf2 Bh6 23. g3 Qg6 24. Rc3 Ne6 25. Bg2 g4 26. Nf1 Nd4 27. Nxd4 exd4 28. Rb3 Qe6
29. Rxb4 axb4 30. Qd3 Rfe8 31. Re1 b3 32. Qxb3 Ba6 33. Qd1 Bxc4 34. f4 Bb3 35.
Qe2 Bxa4 36. Nd2 Qd7 37. b3 Bb5 38. Qd1 Bg7 39. e5 Bc6 40. Bxc6 Qxc6 41. Nc4
Qg6 42. Nd6 Rxd6 43. exd6 Rxe1+ 44. Qxe1 Qxd6 45. Qe8+ Bf8 46. Be1 Qe6 47. Qxe6
fxe6 48. Kf1 Kg7 49. Ke2 Kf6 50. Kd3 Kf5 51. Bd2 e5 52. fxe5 Kxe5 53. Bf4+ Kd5
54. Bc7 b5 55. Ba5 c4+ 56. bxc4+ bxc4+ 57. Kd2 Bh6+ 58. Kd1 Ke4 59. Bc7 Kd3 60.
Be5 c3 0-1

[Event "II Open A"]
[Site "Pedavena ITA"]
[Date "2006.08.04"]
[Round "6"]
[White "Navarro, Stefano"]
[Black "Solinas, Carlo"]
[Result "1-0"]
[WhiteElo "2224"]
[BlackElo "2060"]
[PlyCount "83"]
[EventDate "2006.08.01"]

1. e4 e5 2. Nf3 Nc6 3. Bb5 f5 4. Nc3 fxe4 5. Nxe4 d5 6. Nxe5 dxe4 7. Nxc6 Qd5
8. c4 Qd6 9. Qh5+ g6 10. Qe5+ Qxe5 11. Nxe5+ c6 12. Ba4 Bg7 13. f4 exf3 14.
Nxf3 Bg4 15. O-O O-O-O 16. Bc2 Ne7 17. Be4 Nf5 18. d3 h6 19. Rb1 Rhf8 20. b4
Nd4 21. Bb2 Bxf3 22. gxf3 Be5 23. h3 g5 24. Kg2 Rde8 25. Bxd4 Bxd4 26. b5 Kc7
27. Rfe1 Re5 28. Bg6 Rf6 29. Bh5 Rfe6 30. Re4 Rxe4 31. dxe4 cxb5 32. Rxb5 Ra6
33. Rd5 Rxa2+ 34. Kg3 Be3 35. e5 Rd2 36. Kg4 a5 37. Be8 Rc2 38. Bb5 Rd2 39. Kf5
Bf4 40. Kf6 Re2 41. e6 Be5+ 42. Rxe5 {...} 1-0

[Event "II Open A"]
[Site "Pedavena ITA"]
[Date "2006.08.04"]
[Round "6"]
[White "Occari, Maurizio"]
[Black "Cortina, Federico"]
[Result "1-0"]
[WhiteElo "2082"]
[BlackElo "1907"]
[PlyCount "93"]
[EventDate "2006.08.01"]

1. e4 c5 2. Nc3 Nc6 3. d3 g6 4. Be3 d6 5. g4 Bg7 6. f4 e6 7. Bg2 h5 8. g5 Nge7
9. Nf3 Nd4 10. O-O d5 11. Ne5 b6 12. Bxd4 cxd4 13. Ne2 Qc7 14. Nf3 Qc5 15. Rb1
a5 16. a3 b5 17. Rf2 Bb7 18. Nh4 dxe4 19. dxe4 f6 20. Qxd4 Qxd4 21. Nxd4 Kf7
22. Nxb5 Rhd8 23. e5 Bxg2 24. Kxg2 fxe5 25. fxe5+ Kg8 26. Nc7 Rac8 27. Nxe6 Rd5
28. Nxg7 Kxg7 29. Rbf1 Nf5 30. Nxf5+ gxf5 31. c3 Rb8 32. Re1 Kg6 33. h4 a4 34.
e6 Re8 35. e7 Rd7 36. Re6+ Kf7 37. Rfe2 Rd5 38. Rf6+ Kg7 39. Rh6 Rd7 40. Rhe6
Rb7 41. Kf3 Rc7 42. R6e5 Kg6 43. Re6+ Kg7 44. Kf4 Rc4+ 45. Kxf5 Rxh4 46. Rd6
Rh1 47. Rd8 1-0

[Event "II Open A"]
[Site "Pedavena ITA"]
[Date "2006.08.04"]
[Round "6"]
[White "Paltrinieri, Nicholas"]
[Black "Ottolini, Graziano"]
[Result "1/2-1/2"]
[WhiteElo "1817"]
[BlackElo "2084"]
[PlyCount "43"]
[EventDate "2006.08.01"]

1. f4 e5 2. fxe5 d6 3. Nf3 Nc6 4. e4 dxe5 5. Nc3 Bc5 6. Bc4 Nf6 7. d3 h6 8. Bd2
Bg4 9. h3 Bxf3 10. Qxf3 Nd4 11. Qd1 Qd7 12. a3 a6 13. Ne2 O-O-O 14. Bc3 Qe7 15.
Bxd4 exd4 16. Qd2 Rhe8 17. b4 Bd6 18. O-O b5 19. Bb3 Qe5 20. Qf4 Qe7 21. Qd2
Qe5 22. a4 1/2-1/2

[Event "II Open A"]
[Site "Pedavena ITA"]
[Date "2006.08.04"]
[Round "6"]
[White "Pasquali, Andrea"]
[Black "Roversi, Stefano"]
[Result "1/2-1/2"]
[WhiteElo "1642"]
[BlackElo "1857"]
[PlyCount "43"]
[EventDate "2006.08.01"]

1. b4 e6 2. Bb2 Nf6 3. a3 d5 4. Nf3 c5 5. b5 Be7 6. e3 Nbd7 7. Be2 O-O 8. O-O
a6 9. bxa6 bxa6 10. c4 Rb8 11. Qc2 Ne4 12. Ne5 Nxe5 13. Bxe5 Bd6 14. Bxd6 Qxd6
15. d3 Qe5 16. Ra2 Nf6 17. Nd2 Bb7 18. Bf3 Qc7 19. Rb1 Ba8 20. Rab2 Rxb2 21.
Qxb2 Nd7 22. Qa2 1/2-1/2

[Event "II Open A"]
[Site "Pedavena ITA"]
[Date "2006.08.04"]
[Round "6"]
[White "Pedrazzi, Giuseppe"]
[Black "Tamassia, Gabriele"]
[Result "1/2-1/2"]
[WhiteElo "1835"]
[BlackElo "1655"]
[PlyCount "45"]
[EventDate "2006.08.01"]

1. Nf3 Nf6 2. g3 g6 3. Bg2 Bg7 4. d3 d6 5. O-O Nbd7 6. Nbd2 O-O 7. e4 e5 8. c4
Nc5 9. Nb3 Nxb3 10. axb3 a6 11. h3 Ne8 12. Be3 f5 13. Qd2 c5 14. Bh6 fxe4 15.
dxe4 Qe7 16. Bxg7 Nxg7 17. Qg5 Qxg5 18. Nxg5 Ne6 19. Nxe6 Bxe6 20. Rad1 Rad8
21. Rd2 Rd7 22. Rfd1 Rfd8 23. Kf1 1/2-1/2

[Event "II Open A"]
[Site "Pedavena ITA"]
[Date "2006.08.04"]
[Round "6"]
[White "Pojer, Romeo"]
[Black "Bini, Lorenzo"]
[Result "1-0"]
[WhiteElo "2159"]
[BlackElo "2039"]
[PlyCount "51"]
[EventDate "2006.08.01"]

1. e4 b6 2. d4 Bb7 3. Nc3 e6 4. Bf4 Bb4 5. Bd3 f5 6. Qh5+ g6 7. Qe2 fxe4 8.
Bxe4 Bxe4 9. Qxe4 Bxc3+ 10. bxc3 Nc6 11. Nf3 Nf6 12. Qd3 O-O 13. Bh6 Rf7 14. h4
Nh5 15. Ng5 Rf6 16. Ne4 Rf7 17. g4 Nf4 18. Qg3 e5 19. dxe5 Nd5 20. c4 Ndb4 21.
O-O-O Nxa2+ 22. Kb2 Nab4 23. e6 Re7 24. Qc3 Qc8 25. Nf6+ Kh8 26. Nd5+ 1-0

[Event "II Open A"]
[Site "Pedavena ITA"]
[Date "2006.08.04"]
[Round "6"]
[White "Pomaro, Alberto"]
[Black "Barlocco, Carlo"]
[Result "0-1"]
[WhiteElo "2046"]
[BlackElo "2183"]
[PlyCount "56"]
[EventDate "2006.08.01"]

1. d4 Nc6 2. d5 Ne5 3. e4 Ng6 4. Bd3 e5 5. Ne2 Bc5 6. O-O d6 7. c4 N8e7 8. b4
Bb6 9. Qc2 c5 10. a3 O-O 11. Ng3 Bd7 12. Nc3 h6 13. Nce2 Nh4 14. Nf5 Nhxf5 15.
exf5 f6 16. b5 a6 17. bxa6 Rxa6 18. f4 Nxd5 19. cxd5 c4+ 20. Kh1 cxd3 21. Qxd3
Qe8 22. fxe5 Bb5 23. Qe4 Ra4 24. Qf3 Qxe5 25. Ra2 Re8 26. Qb3 Bxe2 27. Re1 Rh4
28. h3 Bf3 0-1

[Event "II Open A"]
[Site "Pedavena ITA"]
[Date "2006.08.04"]
[Round "6"]
[White "Reginato, Mauro"]
[Black "De Nardi, Riccardo"]
[Result "1/2-1/2"]
[WhiteElo "1823"]
[BlackElo "1973"]
[PlyCount "30"]
[EventDate "2006.08.01"]

1. e4 c5 2. Nf3 d6 3. d4 cxd4 4. Nxd4 Nf6 5. Nc3 g6 6. Be2 Bg7 7. O-O O-O 8.
Kh1 Nc6 9. Nb3 Be6 10. Bg5 Nd7 11. f4 Nb6 12. f5 Bc4 13. Rf3 Bxe2 14. Qxe2 Ne5
15. Rh3 h5 1/2-1/2

[Event "II Open A"]
[Site "Pedavena ITA"]
[Date "2006.08.04"]
[Round "6"]
[White "Rezzuti, Vincenzo"]
[Black "Dussin, Davide"]
[Result "1-0"]
[WhiteElo "2045"]
[BlackElo "1823"]
[PlyCount "53"]
[EventDate "2006.08.01"]

1. e4 c6 2. d4 d5 3. exd5 cxd5 4. c4 dxc4 5. Bxc4 Nf6 6. Nf3 e6 7. O-O Be7 8.
Nc3 O-O 9. Qe2 Nc6 10. Rd1 Nd5 11. Ne5 a6 12. Qf3 Nxc3 13. Nxc6 bxc6 14. bxc3
Bb7 15. Bf4 Bd6 16. Rab1 Bxf4 17. Qxf4 Rb8 18. Qe5 Re8 19. Rd3 Kh8 20. Rh3 f6
21. Qh5 h6 22. Qg6 Re7 23. Bd3 f5 24. Qg3 Rc7 25. Qe5 Kg8 26. Qxe6+ Rf7 27. Bc4
1-0

[Event "II Open A"]
[Site "Pedavena ITA"]
[Date "2006.08.04"]
[Round "6"]
[White "Ricci, Alfredo"]
[Black "Forato, Sergio Paolo"]
[Result "1-0"]
[WhiteElo "2036"]
[BlackElo "1748"]
[PlyCount "39"]
[EventDate "2006.08.01"]

1. e4 c5 2. Nf3 Nc6 3. d4 cxd4 4. c3 dxc3 5. Nxc3 d6 6. Bc4 e6 7. O-O Be7 8.
Qe2 a6 9. Rd1 Qc7 10. Bb3 Na5 11. Be3 Nxb3 12. axb3 Bd7 13. Rac1 Qa5 14. e5 d5
15. Nd4 Bf8 16. f4 Ne7 17. f5 exf5 18. Qh5 Qb6 19. Nxf5 g6 20. Bxb6 1-0

[Event "II Open A"]
[Site "Pedavena ITA"]
[Date "2006.08.04"]
[Round "6"]
[White "Rossi, Gianni"]
[Black "Tomio, Dante"]
[Result "1/2-1/2"]
[WhiteElo "2105"]
[BlackElo "1969"]
[PlyCount "109"]
[EventDate "2006.08.01"]

1. d4 Nf6 2. f3 g6 3. e4 d6 4. Nc3 Bg7 5. Be3 O-O 6. Qd2 Nbd7 7. O-O-O c6 8.
Bh6 b5 9. h4 b4 10. Nce2 Nb6 11. h5 Nc4 12. Qg5 Qa5 13. Qxa5 Bxh6+ 14. f4 Nxa5
15. hxg6 Kg7 16. gxh7 Nxe4 17. Rh4 Nc4 18. g4 f6 19. Nh3 Ne3 20. Re1 Nxg4 21.
Bg2 d5 22. Bxe4 dxe4 23. Rg1 f5 24. Rh1 Ba6 25. Ng3 e6 26. Nxe4 fxe4 27. Rxg4+
Kh8 28. Rh4 Rf6 29. Ng5 Bxg5 30. fxg5 Rf1+ 31. Rxf1 Bxf1 32. Rxe4 Kxh7 33. Rxe6
Bg2 34. Kd2 Bd5 35. Rh6+ Kg7 36. Ke3 Re8+ 37. Kd2 Re4 38. Kd3 Rg4 39. Rd6 Rg3+
40. Kd2 a5 41. a3 bxa3 42. bxa3 Rxa3 43. c4 Be4 44. Re6 Rd3+ 45. Ke2 Rxd4 46.
Ke3 Rxc4 47. Rxe4 Rc5 48. Re7+ Kg6 49. Kd4 Rc1 50. Ra7 Ra1 51. Ra6 a4 52. Rxc6+
Kxg5 53. Ra6 a3 54. Kc3 Rc1+ 55. Kb3 1/2-1/2

[Event "II Open A"]
[Site "Pedavena ITA"]
[Date "2006.08.04"]
[Round "6"]
[White "Savarese, Vincenzo"]
[Black "Pasquotto, Mirko"]
[Result "1-0"]
[WhiteElo "1859"]
[BlackElo "1939"]
[PlyCount "47"]
[EventDate "2006.08.01"]

1. e4 c5 2. c3 d5 3. exd5 Qxd5 4. d4 Nf6 5. Nf3 Bg4 6. Be2 e6 7. O-O Be7 8. Na3
cxd4 9. Nb5 Qd8 10. Bf4 Nd5 11. Qxd4 Bxf3 12. Bxf3 Bf6 13. Qa4 O-O 14. Rad1 Nc6
15. Nc7 Rc8 16. Nxd5 exd5 17. Bxd5 Qb6 18. Rd2 Rfe8 19. Rfd1 Rcd8 20. h3 Ne5
21. Bb3 a6 22. Bxe5 Bxe5 23. Qc4 Rxd2 24. Qxf7+ 1-0

[Event "II Open A"]
[Site "Pedavena ITA"]
[Date "2006.08.04"]
[Round "6"]
[White "Stiz, Massimiliano"]
[Black "Maietti, Luca"]
[Result "1/2-1/2"]
[WhiteElo "2101"]
[BlackElo "1811"]
[PlyCount "84"]
[EventDate "2006.08.01"]

1. e4 e6 2. d4 d5 3. e5 c5 4. Nf3 Qb6 5. Bd3 Bd7 6. O-O cxd4 7. b3 Nc6 8. a3
Nge7 9. Bb2 Ng6 10. Re1 Qc7 11. Bxg6 hxg6 12. h3 Rc8 13. b4 Rh5 14. Qe2 a6 15.
Nbd2 Be7 16. Nb3 Kf8 17. Rac1 Bg5 18. Nxg5 Rxg5 19. Bxd4 Nxd4 20. Nxd4 Qc4 21.
Qe3 Rh5 22. Red1 Qc7 23. f4 Qd8 24. Nf3 Bb5 25. Kh2 Rc4 26. Nd2 Rc7 27. Ne4 Qh4
28. Nd6 g5 29. Rd4 gxf4 30. Rxf4 Qg5 31. Qf2 Qxe5 32. Nxb5 axb5 33. Re1 Qd6 34.
g3 Qd7 35. Qf3 Rh6 36. c3 e5 37. Rxe5 Qxh3+ 38. Kg1 Qh2+ 39. Kf1 Rg6 40. Rh4
Qxh4 41. gxh4 Rf6 42. Qxf6 gxf6 1/2-1/2

[Event "II Open A"]
[Site "Pedavena ITA"]
[Date "2006.08.04"]
[Round "6"]
[White "Tiengo, Davide"]
[Black "Santi, Andrea"]
[Result "1-0"]
[WhiteElo "2091"]
[BlackElo "1848"]
[PlyCount "65"]
[EventDate "2006.08.01"]

1. d4 Nf6 2. c4 e6 3. Nf3 d5 4. e3 Be7 5. Nc3 O-O 6. Bd3 dxc4 7. Bxc4 c5 8. O-O
Nc6 9. a3 a6 10. dxc5 Bxc5 11. b4 Be7 12. Qe2 b5 13. Ba2 Bb7 14. Bb2 Qb6 15.
Ng5 h6 16. Nh3 Rfd8 17. Nf4 Qc7 18. Rac1 Nd4 19. Qe1 Qb8 20. Nd1 Nc6 21. Ne2
Ne5 22. Bxe5 Qxe5 23. Nd4 Rac8 24. Rxc8 Rxc8 25. f4 Qd6 26. Nf2 g6 27. Nd3 Nd7
28. Qg3 Kg7 29. Qh3 Rc3 30. Nf2 Nf6 31. Rd1 Qb8 32. Nxe6+ fxe6 33. Qxe6 1-0

[Event "II Open A"]
[Site "Pedavena ITA"]
[Date "2006.08.04"]
[Round "6"]
[White "Tomelleri, Alessio"]
[Black "Fabrello, Alessandro"]
[Result "1-0"]
[WhiteElo "1972"]
[BlackElo "1557"]
[PlyCount "133"]
[EventDate "2006.08.01"]

1. e4 e5 2. Nf3 Nc6 3. Bb5 Nge7 4. c3 a6 5. Ba4 b5 6. Bb3 Ng6 7. O-O d6 8. d3
Be7 9. Re1 O-O 10. Nbd2 Bb7 11. Nf1 Rb8 12. Ng3 h6 13. Nf5 Re8 14. h3 Bf8 15.
Nh2 Nce7 16. Qh5 d5 17. Ng4 Nxf5 18. exf5 Qh4 19. Qxh4 Nxh4 20. f6 e4 21. dxe4
dxe4 22. fxg7 Bxg7 23. Bxh6 e3 24. Re2 Bxg2 25. Kh2 Bf3 26. Rxe3 Rxe3 27. Bxe3
Nf5 28. Bf4 Rb7 29. Ne5 Bh5 30. Rg1 c5 31. Rg5 c4 32. Bc2 f6 33. Rxh5 fxe5 34.
Bxf5 exf4 35. Bc8 Rb6 36. Rd5 b4 37. Rd2 bxc3 38. bxc3 a5 39. a4 Bxc3 40. Rc2
Bd4 41. Rxc4 Rb4 42. Rxb4 axb4 43. f3 Kg7 44. Be6 Kf6 45. Bc4 Kg5 46. Kg2 Kh4
47. Be6 Be3 48. Kf1 Kg3 49. Ke2 Bb6 50. Bd5 Kxh3 51. Kd3 Bc5 52. Kc4 Bd6 53. a5
Kg3 54. a6 Bb8 55. Kxb4 Kh4 56. Kb5 Ba7 57. Kc6 Kg5 58. Kb7 Be3 59. a7 Bxa7 60.
Kxa7 Kf6 61. Kb6 Ke5 62. Be4 Kd4 63. Kb5 Ke3 64. Kc4 Kf2 65. Kd3 Kg2 66. Bd5
Kf2 67. Ke4 1-0

[Event "II Open A"]
[Site "Pedavena ITA"]
[Date "2006.08.04"]
[Round "6"]
[White "Zulian, Stefano"]
[Black "Gamberini, Davide"]
[Result "1-0"]
[WhiteElo "1889"]
[BlackElo "1853"]
[PlyCount "81"]
[EventDate "2006.08.01"]

1. c4 f5 2. g3 Nf6 3. Bg2 g6 4. Nc3 Bg7 5. e3 O-O 6. Nge2 d6 7. O-O c6 8. d4 e5
9. d5 c5 10. a3 a5 11. Bd2 Bd7 12. Nb5 Bxb5 13. cxb5 Nbd7 14. a4 g5 15. f4 gxf4
16. exf4 e4 17. Bh3 Ne8 18. Nc3 Bd4+ 19. Kh1 Qf6 20. Nxe4 fxe4 21. Bxd7 Bxb2
22. Be6+ Kh8 23. Ra2 Ng7 24. Qe1 Nxe6 25. dxe6 Bd4 26. Qxe4 Rae8 27. Re1 b6 28.
Bc1 Bc3 29. Ree2 d5 30. Qxd5 Rd8 31. Qb3 Qd4 32. Qxc3 Qxc3 33. Bb2 Qxb2 34.
Raxb2 Rfe8 35. f5 Kg7 36. g4 Kf6 37. Rb3 Rd4 38. Rh3 Rxg4 39. e7 Kxf5 40. Rxh7
Rxa4 41. Rf7+ 1-0

[Event "II Open A"]
[Site "Pedavena ITA"]
[Date "2006.08.05"]
[Round "7"]
[White "Barlocco, Carlo"]
[Black "Capuano, Eugenio"]
[Result "1-0"]
[WhiteElo "2183"]
[BlackElo "2255"]
[PlyCount "111"]
[EventDate "2006.08.01"]

1. Nc3 c5 2. Ne4 e6 3. f4 d5 4. Nf2 Nc6 5. Nf3 Bd6 6. g3 Nge7 7. Bg2 e5 8. fxe5
Nxe5 9. O-O Nxf3+ 10. Bxf3 Be6 11. c4 Qd7 12. cxd5 Nxd5 13. d4 Nf6 14. dxc5
Bxc5 15. Qxd7+ Nxd7 16. Bf4 O-O 17. Bxb7 Rad8 18. b3 Nf6 19. Rac1 Bb6 20. Kg2
Bd5+ 21. Bxd5 Nxd5 22. Rfd1 h6 23. h4 Rfe8 24. Kf3 Nxf4 25. Rxd8 Bxd8 26. gxf4
Bxh4 27. Rc7 Re7 28. Rc8+ Kh7 29. Nd3 f5 30. Rc5 Kg6 31. Ne5+ Kh5 32. Nc6 Rc7
33. Rxf5+ Kg6 34. Rc5 Kf6 35. e4 Be1 36. e5+ Kg6 37. f5+ Kh7 38. Ke4 h5 39. Rc1
Bg3 40. Kd5 h4 41. Rh1 Kg8 42. Kd6 Rb7 43. Ne7+ Kf7 44. Ng6 Rb4 45. Kd5 a5 46.
Rc1 Rb8 47. Rc3 Be1 48. Rd3 Bf2 49. Rh3 Rd8+ 50. Ke4 Rd4+ 51. Kf3 Bg3 52. Rh1
Rd3+ 53. Ke4 Rd2 54. Nxh4 Rxa2 55. Ng6 Bf2 56. Rc1 1-0

[Event "II Open A"]
[Site "Pedavena ITA"]
[Date "2006.08.05"]
[Round "7"]
[White "Barro, Francesco"]
[Black "Paltrinieri, Nicholas"]
[Result "0-1"]
[WhiteElo "2022"]
[BlackElo "1817"]
[PlyCount "52"]
[EventDate "2006.08.01"]

1. e4 d5 2. e5 c5 3. Bb5+ Nc6 4. Nf3 Bf5 5. O-O e6 6. d3 Be7 7. Bf4 a6 8. Bxc6+
bxc6 9. Qe2 h6 10. Nfd2 Bg5 11. Bg3 h5 12. f4 h4 13. fxg5 hxg3 14. Nf3 gxh2+
15. Kh1 Rb8 16. c3 Bg4 17. Rf2 Ne7 18. Qe3 Bxf3 19. Qxf3 Nf5 20. Na3 Rb7 21.
Nc4 dxc4 22. Qxc6+ Qd7 23. Qxd7+ Rxd7 24. g4 Ng3+ 25. Kg2 h1=Q+ 26. Rxh1 Nxh1
0-1

[Event "II Open A"]
[Site "Pedavena ITA"]
[Date "2006.08.05"]
[Round "7"]
[White "Bini, Lorenzo"]
[Black "Foroni, Francesco"]
[Result "0-1"]
[WhiteElo "2039"]
[BlackElo "1836"]
[PlyCount "76"]
[EventDate "2006.08.01"]

1. f4 Nc6 2. Nf3 d5 3. g3 Bf5 4. Bg2 e6 5. O-O Bd6 6. e3 Nge7 7. Nc3 f6 8. a3
Qd7 9. b4 Bg6 10. Nb5 Nd8 11. Nxd6+ Qxd6 12. Bb2 Nf7 13. Nd4 c6 14. Bh3 f5 15.
Nb3 h5 16. Bxg7 Rh7 17. Bf6 h4 18. g4 fxg4 19. Bxg4 Nf5 20. Nc5 b6 21. Nd3 Kd7
22. Ne5+ Nxe5 23. fxe5 Qc7 24. Qe2 Rg8 25. Kh1 Ng3+ 26. hxg3 hxg3+ 27. Kg1 Rh2
28. Bxe6+ Ke8 29. Qg4 Rh1+ 30. Kxh1 Be4+ 31. Qxe4 dxe4 32. Bxg8 Qd7 33. Kg2
Qxd2+ 34. Kh3 Qxe3 35. Rad1 g2+ 36. Kxg2 Qe2+ 37. Kg3 Qe3+ 38. Rf3 Qxf3+ 0-1

[Event "II Open A"]
[Site "Pedavena ITA"]
[Date "2006.08.05"]
[Round "7"]
[White "Campini, Marco"]
[Black "Ricci, Alfredo"]
[Result "1/2-1/2"]
[WhiteElo "2100"]
[BlackElo "2036"]
[PlyCount "48"]
[EventDate "2006.08.01"]

1. e4 c5 2. Nf3 a6 3. d4 cxd4 4. Nxd4 Nf6 5. Bd3 Nc6 6. Nxc6 dxc6 7. O-O e5 8.
h3 Be6 9. Nc3 Bc5 10. Qe2 Qe7 11. a4 h6 12. a5 O-O 13. Na4 Ba7 14. Kh1 Rad8 15.
f4 exf4 16. Bxf4 Bc8 17. Nb6 Qc5 18. Nxc8 Rxc8 19. Bxh6 Nh5 20. Qg4 Bb8 21. Rf5
Ng3+ 22. Qxg3 Bxg3 23. Rxc5 gxh6 24. Rf1 Rce8 1/2-1/2

[Event "II Open A"]
[Site "Pedavena ITA"]
[Date "2006.08.05"]
[Round "7"]
[White "Castellano, Alfonso"]
[Black "Gaido, Paolo"]
[Result "1/2-1/2"]
[WhiteElo "1944"]
[BlackElo "2121"]
[PlyCount "69"]
[EventDate "2006.08.01"]

1. c4 e5 2. Nc3 Nc6 3. g3 g6 4. Bg2 Bg7 5. e4 d6 6. Nge2 f5 7. d3 Nf6 8. O-O
O-O 9. Nd5 Be6 10. Bg5 Qd7 11. Qd2 Rf7 12. Rac1 fxe4 13. dxe4 Bh3 14. Nxf6+
Bxf6 15. Bxf6 Rxf6 16. Rc3 Raf8 17. Qh6 Bxg2 18. Kxg2 Nd4 19. Nxd4 exd4 20. Rd3
Qe6 21. Qd2 c5 22. f3 Qxc4 23. b3 Qe6 24. h4 b6 25. Re1 Re8 26. Qg5 Qe5 27. Qg4
Qe6 28. Qg5 Kg7 29. Qd2 Rf7 30. Qc2 Rfe7 31. Rd2 Qd7 32. f4 Qg4 33. Rde2 Rf7
34. Qd2 Rfe7 35. Qd3 1/2-1/2

[Event "II Open A"]
[Site "Pedavena ITA"]
[Date "2006.08.05"]
[Round "7"]
[White "Colombo, Sandro"]
[Black "Pasquali, Andrea"]
[Result "0-1"]
[WhiteElo "1864"]
[BlackElo "1642"]
[PlyCount "54"]
[EventDate "2006.08.01"]

1. c4 Nf6 2. Nc3 g6 3. e4 d6 4. d4 Bg7 5. Be2 O-O 6. Bg5 Nbd7 7. Qd2 Re8 8. Nf3
c5 9. d5 a6 10. a4 Qc7 11. O-O e6 12. dxe6 Rxe6 13. Nd5 Nxd5 14. exd5 Re8 15.
Rfe1 Ne5 16. Nxe5 Bxe5 17. Bd3 Bd7 18. Bb1 Bxb2 19. Ra2 Rxe1+ 20. Qxe1 Re8 21.
Qd1 Qa5 22. Kf1 Bc3 23. Re2 Qxa4 24. Qxa4 Bxa4 25. Be7 Be5 26. Rxe5 dxe5 27.
Bxc5 Rc8 0-1

[Event "II Open A"]
[Site "Pedavena ITA"]
[Date "2006.08.05"]
[Round "7"]
[White "Cortina, Federico"]
[Black "Stiz, Massimiliano"]
[Result "1/2-1/2"]
[WhiteElo "1907"]
[BlackElo "2101"]
[PlyCount "126"]
[EventDate "2006.08.01"]

1. d4 e6 2. c4 f5 3. g3 Nf6 4. Bg2 Be7 5. Nf3 O-O 6. O-O Ne4 7. b3 Bf6 8. Bb2
Na6 9. a3 c6 10. Nbd2 d5 11. Ne5 Bxe5 12. dxe5 Bd7 13. cxd5 cxd5 14. Nf3 Rc8
15. Rc1 Qb6 16. b4 Rxc1 17. Bxc1 Nc3 18. Qd3 Rc8 19. Be3 Qc7 20. Bd4 Bb5 21.
Qxc3 Qxc3 22. Bxc3 Rxc3 23. Nd4 Bd7 24. Ra1 Nc7 25. e3 Nb5 26. Nxb5 Bxb5 27.
Bf1 Bc4 28. Bxc4 dxc4 29. Rd1 Rxa3 30. Rd8+ Kf7 31. Rd7+ Ke8 32. Rxb7 Kd8 33.
Rb5 c3 34. Rc5 Rb3 35. h4 Rxb4 36. Rxc3 Rb6 37. Ra3 a6 38. Kg2 g6 39. Kf3 Kc7
40. e4 fxe4+ 41. Kxe4 Rb4+ 42. Ke3 Kb6 43. Rd3 Rc4 44. f3 a5 45. g4 a4 46. f4
Rc5 47. Ke4 Ra5 48. Ra3 Kc6 49. f5 gxf5+ 50. gxf5 exf5+ 51. Kxf5 Kd7 52. Kf6
Ra6+ 53. Kf7 h5 54. e6+ Rxe6 55. Rxa4 Re5 56. Rd4+ Kc7 57. Kg6 Rb5 58. Kh6 Ra5
59. Rd3 Rb5 60. Rg3 Kd7 61. Rg5 Rxg5 62. Kxg5 Ke7 63. Kxh5 Kf7 1/2-1/2

[Event "II Open A"]
[Site "Pedavena ITA"]
[Date "2006.08.05"]
[Round "7"]
[White "De Nardi, Riccardo"]
[Black "Buzzatti, Francesco"]
[Result "1/2-1/2"]
[WhiteElo "1973"]
[BlackElo "1823"]
[PlyCount "46"]
[EventDate "2006.08.01"]

1. e4 c5 2. Nf3 d6 3. d4 cxd4 4. Nxd4 g6 5. Nc3 Bg7 6. Be3 Nf6 7. f3 Nc6 8. Bc4
a6 9. Qd2 O-O 10. O-O-O Ne5 11. Bb3 Qc7 12. Bh6 Nc4 13. Bxc4 Qxc4 14. Bxg7 Kxg7
15. h4 Be6 16. Nxe6+ Qxe6 17. h5 Nxh5 18. g4 Nf6 19. Qh6+ Kg8 20. Nd5 Rfc8 21.
g5 Nh5 22. Rxh5 gxh5 23. Qxe6 fxe6 1/2-1/2

[Event "II Open A"]
[Site "Pedavena ITA"]
[Date "2006.08.05"]
[Round "7"]
[White "Dussin, Davide"]
[Black "Biancotti, Alessandro"]
[Result "1-0"]
[WhiteElo "1823"]
[BlackElo "1678"]
[PlyCount "71"]
[EventDate "2006.08.01"]

1. d4 d5 2. c4 e6 3. Nc3 Bb4 4. a3 Bxc3+ 5. bxc3 Nf6 6. Bg5 c6 7. Bxf6 Qxf6 8.
e3 O-O 9. Nf3 Nd7 10. Bd3 e5 11. dxe5 Nxe5 12. Nxe5 Qxe5 13. Qc2 g6 14. cxd5
Qxd5 15. O-O-O Qc5 16. h4 Qxa3+ 17. Kb1 Be6 18. Rdg1 Qb3+ 19. Qxb3 Bxb3 20. g4
Bd5 21. Rh2 Kg7 22. f4 Rae8 23. Rg3 Be4 24. Kc2 a5 25. Bxe4 Rxe4 26. Kd3 Ree8
27. e4 b5 28. e5 Rd8+ 29. Kc2 c5 30. f5 gxf5 31. gxf5+ Kh8 32. h5 Rd5 33. Re2
Re8 34. Rge3 Kg7 35. h6+ Kxh6 36. Rg3 1-0

[Event "II Open A"]
[Site "Pedavena ITA"]
[Date "2006.08.05"]
[Round "7"]
[White "Fabrello, Alessandro"]
[Black "De Zaiacomo, Tonino"]
[Result "1-0"]
[WhiteElo "1557"]
[BlackElo "1898"]
[PlyCount "59"]
[EventDate "2006.08.01"]

1. d4 e5 2. e4 exd4 3. Nf3 Bb4+ 4. Bd2 a5 5. a3 Bc5 6. Bd3 d6 7. h3 h6 8. O-O
Nf6 9. c3 dxc3 10. Nxc3 O-O 11. Qc2 Be6 12. e5 dxe5 13. Nxe5 Nbd7 14. Nxd7 Qxd7
15. Ne4 Nxe4 16. Bxe4 Bd6 17. Rad1 Qc8 18. Qc1 f5 19. Bd3 f4 20. Bc4 Bxc4 21.
Qxc4+ Kh8 22. Bc3 Be7 23. Rfe1 Bg5 24. Re6 Ra6 25. Rde1 Rxe6 26. Rxe6 Qd7 27.
Qe4 Bf6 28. Bxf6 gxf6 29. Re7 f5 30. Qe5+ 1-0

[Event "II Open A"]
[Site "Pedavena ITA"]
[Date "2006.08.05"]
[Round "7"]
[White "Forato, Sergio Paolo"]
[Black "Cammarota, Vittorio"]
[Result "1/2-1/2"]
[WhiteElo "1748"]
[BlackElo "2002"]
[PlyCount "86"]
[EventDate "2006.08.01"]

1. c4 e6 2. Nf3 c6 3. Nc3 d5 4. e3 Nf6 5. d4 Nbd7 6. Bd3 Be7 7. O-O dxc4 8.
Bxc4 b5 9. Bd3 O-O 10. Qe2 a6 11. Rd1 Bb7 12. b3 Qb6 13. Bb2 c5 14. dxc5 Nxc5
15. Rac1 Nxd3 16. Rxd3 Rac8 17. Rcd1 Qc6 18. Ne1 a5 19. Rc1 Qb6 20. f3 b4 21.
Na4 Qa7 22. Bd4 Qb8 23. Rdd1 Rxc1 24. Rxc1 Rc8 25. Rxc8+ Qxc8 26. Qc2 Qxc2 27.
Nxc2 Nd7 28. e4 e5 29. Be3 Bd8 30. Nc5 Nxc5 31. Bxc5 Ba6 32. Ne1 f6 33. Kf2 Kf7
34. Ke3 Ke6 35. Kd2 f5 36. exf5+ Kxf5 37. g4+ Ke6 38. Nd3 Kd5 39. Be3 Bc7 40.
h3 Bd6 41. Bb6 e4 42. fxe4+ Kxe4 43. Nc5+ Bxc5 1/2-1/2